00707nam a2200217Ia 4500003000900000008004100009020001800050040001600068080001700084100002100101245009900122260003500221300001000256650003000266650002100296650002800317650002600345942000700371999001700378952009400395IN-BaIIA211028s9999 xx 000 0 eng d a81-224-0670-X cIIA Library a519.682bXAV aXavier, C919858 0aFortran 77 and numerical methodscC. Xavier  aNew DelhibWiley Easternc1994 a527p. aComputer languages910281 aFortran 7919859 aNumerical methods95657 aProgramming languages cBK c11507d11507 00104070aBANbBANcGENd1995-10-11l0o519.682/ XAVp12422r2021-11-05w1995-10-11yBK